Estudios latinoamericanos sobre cultura y transformaciones sociales en tiempos de globalización /

Uloženo v:
Podrobná bibliografie
Hlavní autor: Mato, Daniel
Korporace: CLACSO. Grupo de Trabajo Cultura y Transformaciones Sociales en Tiempo de Globalización, UNESCO ASDI CEAP CONICIT CIPOST
Další autoři: comp
Médium: Text
Vydáno: Caracas: CLACSO
Témata:
Tagy: Přidat tag
Žádné tagy, Buďte první, kdo vytvoří štítek k tomuto záznamu!

MARC

LEADER 00000 a a2200000 04500
001 27270
003
040
090 |a 184206  
100 |a Mato, Daniel  
110 |a CLACSO. Grupo de Trabajo Cultura y Transformaciones Sociales en Tiempo de Globalización  
245 |a Estudios latinoamericanos sobre cultura y transformaciones sociales en tiempos de globalización /  |c CLACSO. Grupo de Trabajo Cultura y Transformaciones Sociales en Tiempo de Globalización  
260 |a Caracas:   |b CLACSO  
300 |a 267 p  
500 |a Disponible en Cd, en No. 194107  
650 |a IDENTIDAD CULTURAL  
650 |a MUSICA  
650 |a CARIBE  
700 |a comp  
710 |a UNESCO   |a ASDI   |a CEAP   |a CONICIT   |a CIPOST  
999 |c 3059  |d 3059